[Event "Verbandsliga Nordbaden 1920"]
[Site "Baden"]
[Date "2019.12.01"]
[Round "3.5"]
[White "Gharieb, Andre"]
[Black "Kistner, Klaus"]
[Result "0-1"]
[WhiteElo "2017"]
[BlackElo "2169"]
[PlyCount "80"]
[EventDate "2019.09.29"]
[EventType "team-tourn"]
[EventRounds "9"]
[EventCountry "GER"]
[SourceTitle "EXT 2021"]
[Source "ChessBase"]
[SourceDate "2020.10.23"]
[SourceVersion "1"]
[SourceVersionDate "2020.10.23"]
[SourceQuality "1"]
[WhiteTeam "Pforzheim"]
[BlackTeam "Bad Mergentheim II"]
[WhiteTeamCountry "GER"]
[BlackTeamCountry "GER"]

1. d4 Nf6 2. Bf4 g6 3. Nc3 Bg7 4. e4 d6 5. Qd2 0-0 6. 0-0-0 c6 7. Bh6 b5 8. Bxg7 Kxg7 9. f3 b4 10. Nce2 Qb6 11. h4 h5 12. e5 Nd5 13. Nf4 Nxf4 14. Qxf4 Qa5 15. Kb1 Be6 16. b3 dxe5 17. dxe5 Nd7 18. Bc4 Nb6 19. Bxe6 fxe6 20. Qe4 Nd5 21. Ne2 Qa3 22. Qd4 c5 23. Qb2 Qa6 24. c4 bxc3 25. Nxc3 Rad8 26. Rd2 c4 27. Rhd1 Nxc3+ 28. Qxc3 Rxd2 29. Rxd2 cxb3 30. axb3 Rc8 31. Qd3 Qa3 32. Rc2 Rb8 33. Rb2 a5 34. g4 hxg4 35. fxg4 a4 36. Kc2 axb3+ 37. Kc1 Qb4 38. Qd2 Rc8+ 39. Kd1 Qxg4+ 40. Qe2 Qg1+ 0-1

[Event "Verbandsliga Nordbaden 1819"]
[Site "Baden"]
[Date "2018.11.04"]
[Round "2.5"]
[White "Kistner, Klaus"]
[Black "Cofman, Veaceslav"]
[Result "1/2-1/2"]
[WhiteElo "2169"]
[BlackElo "2205"]
[PlyCount "80"]
[EventDate "2018.10.14"]
[EventType "team-tourn"]
[EventRounds "9"]
[EventCountry "GER"]
[SourceTitle "EXT 2020"]
[Source "ChessBase"]
[SourceDate "2019.10.17"]
[SourceVersion "1"]
[SourceVersionDate "2019.10.17"]
[SourceQuality "1"]
[WhiteTeam "Bad Mergentheim II"]
[BlackTeam "Eppingen II"]
[WhiteTeamCountry "GER"]
[BlackTeamCountry "GER"]

1. c4 Nf6 2. Nc3 e6 3. e4 d5 4. e5 d4 5. exf6 dxc3 6. bxc3 Qxf6 7. Bd3 Bc5 8. Nf3 0-0 9. 0-0 Bd7 10. Qe2 Bd6 11. Be4 Bc6 12. d4 Bxe4 13. Qxe4 Nc6 14. Rb1 Rab8 15. c5 Be7 16. Bf4 Bd8 17. Ne5 Nxe5 18. Bxe5 Qg6 19. Qf3 b6 20. a4 f6 21. Bg3 Qe8 22. a5 Qd7 23. cxb6 axb6 24. Rfe1 Be7 25. axb6 Rxb6 26. Rxb6 cxb6 27. Qe4 e5 28. dxe5 fxe5 29. Bxe5 Bc5 30. Bd4 Bxd4 31. cxd4 Rd8 32. Rd1 Re8 33. Qd3 Qd5 34. h3 Rd8 35. Kh2 b5 36. Rb1 b4 37. Rd1 b3 38. Rb1 Rb8 39. g3 h6 40. Qc3 Kh8 1/2-1/2

[Event "Verbandsliga Nordbaden 1718"]
[Site "Baden"]
[Date "2018.02.18"]
[Round "6.5"]
[White "Boettger, Marko"]
[Black "Kistner, Klaus"]
[Result "1/2-1/2"]
[WhiteElo "2045"]
[BlackElo "2164"]
[PlyCount "101"]
[EventDate "2017.10.08"]
[EventType "team-tourn"]
[EventRounds "9"]
[EventCountry "GER"]
[SourceTitle "EXT 2019"]
[Source "ChessBase"]
[SourceDate "2018.10.10"]
[SourceVersion "1"]
[SourceVersionDate "2018.10.10"]
[SourceQuality "1"]
[WhiteTeam "Birkenfeld"]
[BlackTeam "Bad Mergentheim II"]
[WhiteTeamCountry "GER"]
[BlackTeamCountry "GER"]

1. d4 Nf6 2. Nf3 g6 3. c4 Bg7 4. Nc3 0-0 5. e4 d6 6. Be2 e5 7. 0-0 Nc6 8. d5 Ne7 9. Ne1 Nd7 10. b4 a5 11. Ba3 axb4 12. Bxb4 f5 13. f3 Bh6 14. Nc2 Kh8 15. Bd3 b6 16. Qe2 Rf7 17. a4 Nc5 18. Rfb1 Nb7 19. Ra2 Ng8 20. Na1 Nf6 21. Nb3 Bf8 22. a5 bxa5 23. Nxa5 Nxa5 24. Rxa5 Rxa5 25. Bxa5 Nh5 26. g3 Qg5 27. Kh1 Ba6 28. Qf2 Nf6 29. exf5 gxf5 30. Nb5 Bxb5 31. Rxb5 e4 32. fxe4 fxe4 33. Bxe4 Qc1+ 34. Kg2 Qxc4 35. Rb4 Qa6 36. Bxc7 Qc8 37. Bf5 Qxc7 38. Be6 Bg7 39. Bxf7 Qxf7 40. Rb8+ Bf8 41. Qf5 h6 42. g4 Kg8 43. Kg3 Nxd5 44. Qe4 Kg7 45. h4 Ne7 46. Qd4+ Kh7 47. Qd3+ Kg7 48. Qd4+ Kg8 49. Qxd6 Kh7 50. Qd3+ Kg7 51. Rd8 1/2-1/2

[Event "Verbandsliga Nordbaden 1617"]
[Site "Baden"]
[Date "2017.01.29"]
[Round "5.6"]
[White "Pfatteicher, Lukas"]
[Black "Kistner, Klaus"]
[Result "0-1"]
[WhiteElo "2216"]
[BlackElo "2164"]
[PlyCount "70"]
[EventDate "2016.10.09"]
[EventType "team-tourn"]
[EventRounds "9"]
[EventCountry "GER"]
[SourceTitle "EXT 2022"]
[Source "ChessBase"]
[SourceDate "2021.10.06"]
[SourceVersion "1"]
[SourceVersionDate "2021.10.06"]
[SourceQuality "1"]
[WhiteTeam "Karlsruhe"]
[BlackTeam "Bad Mergentheim II"]
[WhiteTeamCountry "GER"]
[BlackTeamCountry "GER"]

1. d4 Nf6 2. c4 g6 3. Nc3 Bg7 4. e4 d6 5. f3 0-0 6. Nge2 Nc6 7. Be3 a6 8. Qd2 Rb8 9. Nc1 e5 10. d5 Nd4 11. Nb3 Nxb3 12. axb3 c5 13. Be2 Nh5 14. Nd1 f5 15. g3 b5 16. b4 cxb4 17. c5 f4 18. Bf2 fxg3 19. hxg3 dxc5 20. g4 Nf4 21. Bxc5 a5 22. Bxf8 Bxf8 23. Nf2 Bc5 24. Rh2 Qb6 25. Nh3 Be3 26. Qc2 Bd7 27. Nxf4 Bxf4 28. Rg2 a4 29. Qd3 Rc8 30. d6 Kg7 31. Rd1 a3 32. Qb3 Qa5 33. Kf2 a2 34. Ra1 Rc1 35. Rg1 Qb6+ 0-1

[Event "Verbandsliga Nordbaden 1516"]
[Site "Baden"]
[Date "2016.03.06"]
[Round "7.6"]
[White "Ungerer, Markus"]
[Black "Kistner, Klaus"]
[Result "0-1"]
[WhiteElo "2131"]
[BlackElo "2155"]
[PlyCount "100"]
[EventDate "2015.09.27"]
[EventType "team-tourn"]
[EventRounds "9"]
[EventCountry "GER"]
[SourceTitle "EXT 2022"]
[Source "ChessBase"]
[SourceDate "2021.10.06"]
[SourceVersion "1"]
[SourceVersionDate "2021.10.06"]
[SourceQuality "1"]
[WhiteTeam "Pforzheim"]
[BlackTeam "Bad Mergentheim II"]
[WhiteTeamCountry "GER"]
[BlackTeamCountry "GER"]

1. e4 e6 2. d3 d5 3. Nd2 Nf6 4. Ngf3 b6 5. g3 dxe4 6. dxe4 Bb7 7. Bd3 Be7 8. 0-0 Nc6 9. Qe2 Nb4 10. Bb5+ c6 11. Ba4 b5 12. Bb3 0-0 13. a3 Na6 14. c4 Nc5 15. Bc2 a5 16. Rd1 Qc7 17. e5 Nfd7 18. Ne4 Nxe4 19. Bxe4 Nc5 20. Bc2 bxc4 21. Rd4 Rfd8 22. Qxc4 Ba6 23. Qc3 Rxd4 24. Nxd4 a4 25. Qf3 Qxe5 26. Be3 Qd5 27. Qxd5 cxd5 28. Nc6 Bd6 29. Bxc5 Bxc5 30. Bxa4 Bc4 31. Bc2 Bb5 32. Ne5 Bd4 33. Nf3 Bxb2 34. Rb1 Be2 35. Ng5 Bxa3 36. Bxh7+ Kf8 37. Rb7 Be7 38. Nh3 g5 39. f4 g4 40. Ng5 Bc5+ 41. Kg2 Ra7 42. Rb2 Ra1 43. h3 Rg1+ 44. Kh2 Bf3 45. Nxf3 gxf3 46. Bd3 f2 47. f5 f1Q 48. Bxf1 Rxf1 49. Rb8+ Kg7 50. fxe6 Rf2+ 0-1

[Event "Verbandsliga Nord Baden 1314"]
[Site "Germany"]
[Date "2014.03.23"]
[Round "8.4"]
[White "Kistner, Klaus"]
[Black "Bayer, Wolfgang"]
[Result "1-0"]
[WhiteElo "2157"]
[BlackElo "2051"]
[PlyCount "133"]
[EventDate "2013.10.20"]
[EventType "team-tourn"]
[EventRounds "9"]
[EventCountry "GER"]
[SourceTitle "EXT 2015"]
[Source "ChessBase"]
[SourceDate "2014.11.20"]
[SourceVersion "1"]
[SourceVersionDate "2014.11.20"]
[SourceQuality "1"]
[WhiteTeam "Bad Mergentheim II"]
[BlackTeam "Lindenhof"]
[WhiteTeamCountry "GER"]
[BlackTeamCountry "GER"]

1. Nf3 g6 2. d4 d5 3. c4 c6 4. Nc3 Nf6 5. Qb3 Bg7 6. Bg5 dxc4 7. Qxc4 0-0 8. e3 Nbd7 9. Be2 Nb6 10. Qd3 Be6 11. 0-0 Rc8 12. b4 Qd6 13. a3 Bc4 14. Qc2 Bxe2 15. Qxe2 Nbd5 16. Na4 Ne4 17. Bh4 b5 18. Nc5 Nxc5 19. bxc5 Qd7 20. Bg3 a5 21. e4 Nc3 22. Qd3 Bxd4 23. Rad1 Nxd1 24. Rxd1 Bxf2+ 25. Kxf2 Qxd3 26. Rxd3 Rcd8 27. Ke3 Rxd3+ 28. Kxd3 f6 29. Be1 Rd8+ 30. Ke3 a4 31. e5 f5 32. Bb4 Rc8 33. e6 h6 34. h4 Rd8 35. Nd4 Rc8 36. Kf4 Kg7 37. Ke5 h5 38. Bc3 Kh7 39. Ba5 Kg7 40. g3 Kf8 41. Kf4 Kg7 42. Kg5 Kh7 43. Bc3 Rf8 44. Kf4 Rc8 45. Nf3 Rd8 46. Ke3 Rd5 47. Bb4 Rd8 48. Ne5 Rc8 49. Kf4 Kh6 50. Ke3 Kg7 51. Nd7 Kh6 52. Kd4 Kg7 53. Bd2 Rd8 54. Kc3 Re8 55. Bg5 Kh7 56. Kb4 Kg8 57. Ne5 Rd8 58. Nxc6 Rd3 59. Na5 Kf8 60. c6 Rd8 61. Kxb5 Rb8+ 62. Nb7 f4 63. Bxf4 Rc8 64. c7 Kg7 65. Kc6 g5 66. hxg5 h4 67. gxh4 1-0

[Event "Verbandsliga Nord Baden 1213"]
[Site "Baden"]
[Date "2013.01.27"]
[Round "5.6"]
[White "Kistner, Klaus"]
[Black "Dushatskiy, Fedor"]
[Result "1-0"]
[WhiteElo "2157"]
[BlackElo "2172"]
[PlyCount "117"]
[EventDate "2012.10.21"]
[EventType "team-tourn"]
[EventRounds "9"]
[EventCountry "GER"]
[SourceTitle "EXT 2014"]
[Source "ChessBase"]
[SourceDate "2013.11.20"]
[SourceVersion "1"]
[SourceVersionDate "2013.11.20"]
[SourceQuality "1"]
[WhiteTeam "Bad Mergentheim II"]
[BlackTeam "Hockenheim II"]
[WhiteTeamCountry "GER"]
[BlackTeamCountry "GER"]

1. c4 e6 2. d4 d5 3. Nc3 c5 4. cxd5 exd5 5. Nf3 Nc6 6. e3 Nf6 7. Be2 a6 8. b3 cxd4 9. Nxd4 Bb4 10. Bd2 Nxd4 11. exd4 Qd6 12. 0-0 0-0 13. Bf3 Be6 14. Ne2 Rfc8 15. Bxb4 Qxb4 16. Nf4 Rc6 17. Re1 Rac8 18. h3 Qd6 19. Nxe6 fxe6 20. Qe2 Kf7 21. Rad1 Rc2 22. Rd2 Rxd2 23. Qxd2 Rc6 24. g4 h6 25. h4 Nh7 26. g5 hxg5 27. hxg5 Nf8 28. Bg4 Ke7 29. Qe3 Kd8 30. Qf3 Kc7 31. Qf7+ Kb6 32. Qxg7 Qf4 33. Bh3 Rc2 34. Qf6 Rxf2 35. Qxf4 Rxf4 36. Rf1 Rxf1+ 37. Bxf1 Ng6 38. Bd3 Nf4 39. Kh2 Kc6 40. Kg3 Nh5+ 41. Kg4 Ng7 42. Kf4 Kd6 43. Bg6 a5 44. a3 b6 45. b4 axb4 46. axb4 e5+ 47. dxe5+ Ke6 48. b5 d4 49. Bd3 Kd5 50. g6 Ne6+ 51. Kf5 Ng7+ 52. Kf6 Nh5+ 53. Kg5 Ng7 54. Kh6 Ne8 55. g7 Nxg7 56. Kxg7 Kxe5 57. Kf7 Kf4 58. Ke6 Ke3 59. Bc4 1-0

[Event "Verbandsliga Nord Baden 1213"]
[Site "Baden"]
[Date "2012.10.21"]
[Round "1.5"]
[White "Schulenburg, Bernd"]
[Black "Kistner, Klaus"]
[Result "1-0"]
[WhiteElo "2176"]
[BlackElo "2157"]
[PlyCount "127"]
[EventDate "2012.10.21"]
[EventType "team-tourn"]
[EventRounds "9"]
[EventCountry "GER"]
[SourceTitle "EXT 2014"]
[Source "ChessBase"]
[SourceDate "2013.11.20"]
[SourceVersion "1"]
[SourceVersionDate "2013.11.20"]
[SourceQuality "1"]
[WhiteTeam "Heidelberg"]
[BlackTeam "Bad Mergentheim II"]
[WhiteTeamCountry "GER"]
[BlackTeamCountry "GER"]

1. e4 e6 2. d4 d5 3. Nd2 Nf6 4. e5 Nfd7 5. Bd3 c5 6. c3 Nc6 7. Ndf3 cxd4 8. cxd4 f6 9. exf6 Nxf6 10. Ne2 Bd6 11. 0-0 0-0 12. Bf4 Bxf4 13. Nxf4 Qd6 14. Ne2 e5 15. dxe5 Nxe5 16. Nxe5 Qxe5 17. Qd2 Bf5 18. f4 Qe6 19. Nd4 Ne4 20. Nxe6 Nxd2 21. Nxf8 Nxf1 22. Bxf5 Ne3 23. Bxh7+ Kxf8 24. Rc1 d4 25. Rc7 Rd8 26. Kf2 Nd5 27. Rxb7 Nxf4 28. g3 Ne6 29. Bg6 d3 30. Ke1 Nc5 31. Rf7+ Kg8 32. Rc7 Na4 33. Kd2 Nxb2 34. Rc3 Rf8 35. Kc1 Rb8 36. Bxd3 Nxd3+ 37. Rxd3 Rb7 38. Rd6 Rf7 39. Kc2 Rf2+ 40. Rd2 Rf3 41. Kb2 Kh7 42. a4 Kh6 43. Rd8 g6 44. Ra8 Rf7 45. Kb3 Kg5 46. Rh8 a5 47. Ra8 Rf5 48. Ra6 Re5 49. Rc6 Re2 50. Rc5+ Kg4 51. Rc4+ Kf5 52. Rc5+ Ke4 53. Rxa5 Rxh2 54. Rg5 Rh1 55. Rxg6 Rb1+ 56. Kc4 Rc1+ 57. Kb5 Rb1+ 58. Ka6 Kd5 59. a5 Kc5 60. Rg5+ Kc6 61. Rg6+ Kc7 62. g4 Rg1 63. g5 Rg2 64. Kb5 1-0

[Event "Verbandsliga Nord Baden 1112"]
[Site "Germany"]
[Date "2012.03.04"]
[Round "7.3"]
[White "Hubel, Merten"]
[Black "Kistner, Klaus"]
[Result "1/2-1/2"]
[WhiteElo "2093"]
[BlackElo "2160"]
[PlyCount "125"]
[EventDate "2011.10.09"]
[EventType "team-tourn"]
[EventRounds "9"]
[EventCountry "GER"]
[SourceTitle "EXT 2013"]
[Source "ChessBase"]
[SourceDate "2012.11.22"]
[SourceVersion "1"]
[SourceVersionDate "2012.11.22"]
[SourceQuality "1"]
[WhiteTeam "Birkenfeld"]
[BlackTeam "Bad Mergentheim II"]
[WhiteTeamCountry "GER"]
[BlackTeamCountry "GER"]

1. d4 Nf6 2. c4 g6 3. Nc3 Bg7 4. e4 d6 5. Be2 0-0 6. Nf3 e5 7. d5 a5 8. Bg5 Na6 9. a3 h6 10. Bh4 Nc5 11. b4 axb4 12. axb4 Rxa1 13. Qxa1 g5 14. bxc5 gxh4 15. cxd6 cxd6 16. 0-0 Nh5 17. g3 Bh3 18. Nxh4 Bxf1 19. Bxf1 Bf6 20. Nf5 Kh7 21. Nb5 Be7 22. Qc1 Bg5 23. Qa3 Ng7 24. Bh3 b6 25. Nbxd6 Be7 26. Nxe7 Qxe7 27. Nb5 Qxa3 28. Nxa3 Rd8 29. Kf1 Ne8 30. Nb5 f6 31. Ke2 Kg7 32. Kd3 Nd6 33. Nxd6 Rxd6 34. f4 Kf7 35. Bf5 Ke7 36. h4 Rd8 37. fxe5 fxe5 38. Kc3 Ra8 39. Kb4 Ra1 40. Kb5 Kd6 41. Kxb6 Rb1+ 42. Ka6 Ra1+ 43. Kb7 Rb1+ 44. Kc8 h5 45. g4 hxg4 46. Bxg4 Rc1 47. Bf5 Rxc4+ 48. Kb7 Rb4+ 49. Ka6 Rb1 50. h5 Rh1 51. Bg6 Rh2 52. Kb5 Rh1 53. Kc4 Rh3 54. Kb4 Ke7 55. Kc5 Rc3+ 56. Kb4 Rh3 57. Kc4 Kd6 58. Kb5 Rb3+ 59. Ka6 Rh3 60. Kb7 Ke7 61. Bf5 Rxh5 62. Kc7 Rh6 63. Be6 1/2-1/2

[Event "Oberliga Baden 0910"]
[Site "Germany"]
[Date "2010.02.28"]
[Round "7.6"]
[White "Schloetzer, Waldemar"]
[Black "Kistner, Klaus"]
[Result "1/2-1/2"]
[WhiteElo "2272"]
[BlackElo "2172"]
[PlyCount "75"]
[EventDate "2009.10.18"]
[EventType "team-tourn"]
[EventRounds "9"]
[EventCountry "GER"]
[SourceTitle "EXT 2011"]
[Source "ChessBase"]
[SourceDate "2010.11.26"]
[SourceVersion "1"]
[SourceVersionDate "2010.11.26"]
[SourceQuality "1"]
[WhiteTeam "Buchen"]
[BlackTeam "Bad Mergentheim"]
[WhiteTeamCountry "GER"]
[BlackTeamCountry "GER"]

1. d4 Nf6 2. c4 g6 3. Nc3 Bg7 4. e4 d6 5. Nf3 0-0 6. Be2 e5 7. 0-0 Nc6 8. d5 Ne7 9. Ne1 Nd7 10. Nd3 f5 11. Bd2 Nf6 12. f3 Kh8 13. c5 c6 14. cxd6 Qxd6 15. Na4 fxe4 16. Bb4 Qxd5 17. fxe4 Qd8 18. Nxe5 Qe8 19. Nc3 Nd7 20. Rxf8+ Nxf8 21. Qd8 Be6 22. Qd6 Nc8 23. Qc7 Nd7 24. Nxd7 Qxd7 25. Qxd7 Bxd7 26. Rd1 Nb6 27. a4 Be6 28. a5 Nc4 29. Bxc4 Bxc4 30. Bc5 b6 31. axb6 axb6 32. Bxb6 Rb8 33. Rd8+ Rxd8 34. Bxd8 Bd4+ 35. Kh1 Bd3 36. Bc7 Kg7 37. g3 Kf6 38. Kg2 1/2-1/2

[Event "Bad Woerishofen op 21st"]
[Site "Bad Woerishofen"]
[Date "2005.03.06"]
[Round "4"]
[White "Kistner, Klaus"]
[Black "Wang, Rui"]
[Result "0-1"]
[WhiteElo "2130"]
[BlackElo "2475"]
[PlyCount "44"]
[EventDate "2005.03.03"]
[EventType "swiss"]
[EventRounds "9"]
[EventCountry "GER"]
[SourceTitle "EXT 2006"]
[Source "ChessBase"]
[SourceDate "2005.11.24"]
[SourceVersion "1"]
[SourceVersionDate "2005.11.24"]
[SourceQuality "1"]

1. b3 e5 2. Bb2 Nc6 3. Nf3 d6 4. d4 exd4 5. Nxd4 Nf6 6. e3 Be7 7. Be2 0-0 8. Nxc6 bxc6 9. Nd2 a5 10. a4 d5 11. 0-0 Re8 12. Nf3 Bd6 13. h3 Qe7 14. Bd3 Ne4 15. Bxe4 Qxe4 16. Qd4 Qg6 17. Nh4 Qh6 18. Nf3 Re4 19. Qc3 Bb4 20. Qd3 Bxh3 21. gxh3 Qxh3 22. Nh2 Rh4 0-1